MARC details
| 000 -LEADER |
| fixed length control field |
02088nam a2200313 a 4500 |
| 008 - FIXED-LENGTH DATA ELEMENTS--GENERAL INFORMATION |
| fixed length control field |
120614s2009 ||||||||||||||||| || u |
| 010 ## - LIBRARY OF CONGRESS CONTROL NUMBER |
| LC control number |
2008927208 |
| 020 ## - INTERNATIONAL STANDARD BOOK NUMBER |
| International Standard Book Number |
9781412948531 (hbk.) |
| 050 ## - LIBRARY OF CONGRESS CALL NUMBER |
| Classification number |
HD 58.8 And |
| 100 ## - MAIN ENTRY--PERSONAL NAME |
| Personal name |
Andriopoulos, Constantine |
| 245 10 - TITLE STATEMENT |
| Title |
Managing change, creativity and innovation |
| Statement of responsibility, etc. |
by Constantine Andriopoulos and Patrick Dawson. |
| 260 ## - PUBLICATION, DISTRIBUTION, ETC. |
| Place of publication, distribution, etc. |
Los Angeles |
| Name of publisher, distributor, etc. |
SAGE Publications |
| Date of publication, distribution, etc. |
2009 |
| 300 ## - PHYSICAL DESCRIPTION |
| Extent |
xviii, 374p.: ill. |
| 350 ## - |
| -- |
80.00 |
| 500 ## - GENERAL NOTE |
| General note |
Includes bibliographical references and index. |
| 650 #0 - SUBJECT ADDED ENTRY--TOPICAL TERM |
| Topical term or geographic name entry element |
ORGANIZATIONAL CHANGE--MANAGEMENT--CASE STUDIES |
| 650 #0 - SUBJECT ADDED ENTRY--TOPICAL TERM |
| Topical term or geographic name entry element |
CREATIVITY ABILITY IN BUSINESS--MANAGEMENT |
| 650 #0 - SUBJECT ADDED ENTRY--TOPICAL TERM |
| Topical term or geographic name entry element |
ORGANIZATIONAL CHANGE--MANAGEMENT |
| 700 ## - ADDED ENTRY--PERSONAL NAME |
| Personal name |
Dawson, Patrick |
| 995 ## - |
| -- |
MAIN LIBRARY OPEN ACCESS |
| -- |
743635 |
| -- |
CBU-MAIN LIBRARY (Kitwe) |
| -- |
0.00 |
| -- |
HD 58.8 And |
| -- |
2 |
| -- |
AVAILABLE |
| -- |
May 24, 2013 |
| -- |
743635 |
| -- |
Main Library Open Access Collection |
| 995 ## - |
| -- |
MAIN LIBRARY OPEN ACCESS |
| -- |
742734 |
| -- |
CBU-MAIN LIBRARY (Kitwe) |
| -- |
0.00 |
| -- |
HD 58.8 And |
| -- |
1 |
| -- |
AVAILABLE |
| -- |
Jun 14, 2012 |
| -- |
742734 |
| -- |
Main Library Open Access Collection |
| 995 ## - |
| -- |
ANNEX COLLECTION (Main Library) |
| -- |
745112 |
| -- |
CBU-MAIN LIBRARY (Kitwe) |
| -- |
80.00 |
| -- |
HD 58.8 And |
| -- |
4 |
| -- |
AVAILABLE |
| -- |
Apr 28, 2015 |
| -- |
745112 |
| -- |
Annex Low-Usage Collection |
| 995 ## - |
| -- |
ANNEX COLLECTION (Main Library) |
| -- |
745113 |
| -- |
CBU-MAIN LIBRARY (Kitwe) |
| -- |
80.00 |
| -- |
HD 58.8 And |
| -- |
5 |
| -- |
AVAILABLE |
| -- |
Apr 28, 2015 |
| -- |
745113 |
| -- |
Annex Low-Usage Collection |
| 995 ## - |
| -- |
ANNEX COLLECTION (Main Library) |
| -- |
745114 |
| -- |
CBU-MAIN LIBRARY (Kitwe) |
| -- |
80.00 |
| -- |
HD 58.8 And |
| -- |
6 |
| -- |
AVAILABLE |
| -- |
Apr 28, 2015 |
| -- |
745114 |
| -- |
Annex Low-Usage Collection |
| 995 ## - |
| -- |
MAIN LIBRARY OPEN ACCESS |
| -- |
745115 |
| -- |
CBU-MAIN LIBRARY (Kitwe) |
| -- |
80.00 |
| -- |
HD 58.8 And |
| -- |
7 |
| -- |
AVAILABLE |
| -- |
Apr 28, 2015 |
| -- |
745115 |
| -- |
Main Library Open Access Collection |
| 995 ## - |
| -- |
MAIN LIBRARY OPEN ACCESS |
| -- |
745116 |
| -- |
CBU-MAIN LIBRARY (Kitwe) |
| -- |
80.00 |
| -- |
HD 58.8 And |
| -- |
8 |
| -- |
AVAILABLE |
| -- |
Apr 28, 2015 |
| -- |
745116 |
| -- |
Main Library Open Access Collection |
| 995 ## - |
| -- |
ANNEX COLLECTION (Main Library) |
| -- |
745111 |
| -- |
CBU-MAIN LIBRARY (Kitwe) |
| -- |
80.00 |
| -- |
HD 58.8 And |
| -- |
3 |
| -- |
AVAILABLE |
| -- |
Apr 28, 2015 |
| -- |
745111 |
| -- |
Annex Low-Usage Collection |
| 999 ## - |
| -- |
82541 |
| -- |
82541 |